00541nam a2200193 a 4500001001300000003000900013005001700022008004100039020000800080082001500088100002100103245006600124260004900190300000900239500003500248505001600283650002700299700002100326nice12345678IN_TiNIC20260116012117.0050524s1957 bana grp 000 0 eng  ac300a226.3bPAU aPaul, Geoffrey J aGospel According to Saint Markb Introduction and Commentary. aBangalorebSenate of Serampore Collegec1957 a266p aincludes index and biblioraphy2 aIndex, Maps aBible N.T. Gospel Mark1 aPaul, Geoffrey J